| 000 | 00631nam a2200229Ia 4500 | ||
|---|---|---|---|
| 005 | 20140407103232.0 | ||
| 008 | 140130s9999 xx 000 0 und d | ||
| 020 | _a9788953911536 | ||
| 050 |
_aPZ 7 _b.M478818Gi 2000 |
||
| 100 |
_aMcPhail, David. _923236 |
||
| 245 |
_cDavid McPhail. _aA girl a goat and a goose (w/cd) / |
||
| 260 |
_bScholastic Inc., _cc2000. _aUSA : |
||
| 300 |
_a30 p. : _bcol. ill. ; _c23 cm. |
||
| 440 | _v1 | ||
| 521 | _aBR | ||
| 526 | _cBR | ||
| 650 |
_aFriendship _xFiction. _931422 |
||
| 650 |
_aGoats _xFiction. _931423 |
||
| 650 |
_aGeese _xFiction. _931424 |
||
| 942 |
_cBK _2lcc |
||
| 999 |
_c41703 _d41703 |
||